000 00448cam a22001331 4500
082 _a355.310954
_bFAL
100 1 _aFalcon, Robert Worgan,
_949837
245 0 0 _aHandbook on Sikhs for the use of regimental officers,
_cby Captain R. W. Falcon.
260 _aAllahabad,
_bThe Pioneer press,
_c1896.
300 _a4 p. l., 142 p.
_billus., fold. maps.
_c25 cm.
526 _a0
_b0
_c0
_d355_310954000000000_FAL
650 0 _aSikhs.
_93800
942 _2ddc
_cBK
999 _c552585
_d552585